LEADER 01360nam a2200325 a 4500 001 000000135302 003 CaOOAMICUS 005 20130903144958.0 008 130903s2013 it u000 u ita r 020 $a978-88-13-31422-4 040 $aPUL$bita 082 04$a347.4507 100 1 $aMazzarella, Ferdinando.$0(OLS)http://pul/name/37164 245 10$aGuida al processo civile riformato /$cF. Mazzarella, G. Tesoriere. 250 $a4. ed. completamente riveduta, corretta ed aggiornata. 260 $aPadova :$bCEDAM,$c2013. 300 $aXXV, 834 p. ;$c24 cm 500 $aSulla cop.: disponibile anche in e-book. 504 $aBibliografia in nota. 650 4$aProcedura civile$zItalia.$0(OLS)http://pul/subject/14566 650 4$aProcesso civile$xRiforma.$0(OLS)http://pul/subject/35767 700 1 $aTesoriere, Giovanni.$0(OLS)http://pul/name/29374 850 $aPUL 852 $aPUL$W1$xSL Diritto e Scienze Sociali 3$y79$m347. 4507 MAZFE 1$j155899$qDDC 21$B155323$CPULBib$Z2$F155323 $H122802 $82 941 1 $a9 996 $6020$a978-88-13-31422-4$9(OLS)http://pul/number/153490 996 $6082$a347.4507$9(OLS)http://pul/classification/1875 996 $6245$aGuida al processo civile riformato$9(OLS)http://pul/title/171094 996 $6260$aPadova :$bCEDAM$9(OLS)http://pul/publisher/48126 LEADER 01234nam a2200301 a 4500 001 000000139321 003 CaOOAMICUS 005 20140721130427.0 008 140721s2014 it u000 u ita r 020 $a978-88-14-16742-3 040 $aPUL$bita 082 04$a347.4507 100 1 $aMatteini Chiari, Sergio.$0(OLS)http://pul/name/89849 245 13$aIl minore nel processo /$cSergio Matteini Chiari. 260 $aMilano :$bGiuffrè,$c2014. 300 $aXXIX, 796 p. ;$c25 cm 500 $aSulla cop.: Aggiornato al "Decreto filiazione" (D. Lgs. n. 154/2013). 504 $aInclude riferimenti bibliografici. 650 14$aMinori$xTutela.$0(OLS)http://pul/subject/19963 650 4$aProcesso civile$zItalia.$0(OLS)http://pul/subject/35572 850 $aPUL 852 $aPUL$W1$xSL Diritto e Scienze Sociali 3$y79$m347. 4507 MATSE 1$j160922$qDDC 21$B160361$CPULBib$Z2$F160361 $H124411 $82 941 1 $a9 996 $6020$a978-88-14-16742-3$9(OLS)http://pul/number/155774 996 $6082$a347.4507$9(OLS)http://pul/classification/1875 996 $6245$aIl minore nel processo$9(OLS)http://pul/title/176371 996 $6260$aMilano :$bGiuffrè$9(OLS)http://pul/publisher/48401